00448nam a2200133 i 4500001000300000100001500003245010400018260002100122700001600143040000800159041000800167008004100175856009800216bg1 aKOTULA, W. 0aStateczność i wrażliwość na imperfekcje pewnej przestrzennej... /cW. Kotula, M. Kleiber. aWarszawa,c1983.1 aKLEIBER, M. cBPK apol s pl f |000 0 pol  uhttp://koha.tu.koszalin.pl/cgi-bin/koha/opac-detail.pl?biblionumber=22169yKatalog online BPK